02045cam a22003734a 450000100090000000300040000900500170001300800410003001000170007102000270008802000320011503500130014704000180016004200080017805000220018608200120020810000230022024501110024326000450035430000290039933600260042833700280045433800270048250400680050950507250057758300410130265000170134370000180136085600780137890600450145694200120150199900170151395201410153013384647OSt20260703152215.0031027s2004 ilua b 001 0 eng  a 2003023631 a1581345615qalk. paper a9781581345612q(alk. paper) a13384647 aDLCcDLCdDLC apcc00aBT1103b.G45 200400a2392221 aGeisler, Norman L.10aI don't have enough faith to be an atheist /cNorman L. Geisler, Frank Turek ; foreword by David Limbaugh. aWheaton, Ill. :bCrossway Books,cc2004. a447 p. :bill. ;c22 cm. atextbtxt2rdacontent aunmediatedbn2rdamedia avolumebnc2rdacarrier aIncludes bibliographical references (p. [412]-435) and indexes.0 aIntroduction: Finding the box top to the puzzle of life -- Can we handle the truth? -- Why should anyone believe anything at all? -- In the beginning there was a great surge -- Divine design -- The first life : natural law or divine awe? -- New life forms : from the goo to you via the zoo? -- Mother Teresa vs. Hitler -- Miracles : signs of God or gullibility? -- Do we have early testimony about Jesus? -- Do we have eyewitness testimony about Jesus? -- The top ten reasons we know the New Testament writers told the truth -- Did Jesus really rise from the dead? -- Who is Jesus : God? or just a great moral teacher? -- What did Jesus teach about the Bible? -- Conclusion: The judge, the Servant King, and the box top. aCataloguing:c20260703kgtanuigtanui 0aApologetics.1 aTurek, Frank.413Table of contentsuhttp://www.loc.gov/catdir/toc/ecip0410/2003023631.html a7bcbccorignewd1eecipf20gy-gencatlg 2lcccBK c21780d21779 00102lcc70aKABUbKABUcGENd2026-07-03eDonationi2026/3865l0oBT1103 .G45 2004 C.1p37890r2026-07-03 15:23:13tC.1w2026-07-03yBK